00337nam a2200121Ia 4500008004100000041000800041082001200049100002000061245004500081260004500126300003300171365001100204240624s9999 xx 000 0 und d aeng a423 GAB aGABRIEL YIANNIS aORGANIZING WORDS A CRITICAL THESAURUS FO c2008aNew DelhibOxford University press axviii, : 368 : p. : cm. ; 24 cRSb30